ARRUPE JESUIT UNIVERSITY

CORONAVIRUS -STOP THE SPREAD - CLEAN,DISINFECT,COVER

The world of Manet, 1832-1883, (Record no. 125452)

MARC details
000 -LEADER
fixed length control field 00873cam a2200265 4500
001 - CONTROL NUMBER
control field 1232972
003 - CONTROL NUMBER IDENTIFIER
control field ARRUPE
005 - DATE AND TIME OF LATEST TRANSACTION
control field 20161007111813.0
008 - FIXED-LENGTH DATA ELEMENTS--GENERAL INFORMATION
fixed length control field 690318s1968 nyuac b 001 0 eng
010 ## - LIBRARY OF CONGRESS CONTROL NUMBER
LC control number 68058484
040 ## - CATALOGING SOURCE
Original cataloging agency DLC
Transcribing agency DLC
Modifying agency DLC
050 00 - LIBRARY OF CONGRESS CALL NUMBER
Classification number ND553.M3
Item number S33
082 00 - DEWEY DECIMAL CLASSIFICATION NUMBER
Classification number 759.4
300 ## - PHYSICAL DESCRIPTION
Other physical details illus. (part col.), ports. (part col.)
Dimensions 32 cm.
100 1# - MAIN ENTRY--PERSONAL NAME
Personal name Schneider, Pierre,
Dates associated with a name 1925-
9 (RLIN) 26564
245 14 - TITLE STATEMENT
Title The world of Manet, 1832-1883,
Statement of responsibility, etc by Pierre Schneider and the editors of Time-Life Books.
260 ## - PUBLICATION, DISTRIBUTION, ETC. (IMPRINT)
Place of publication, distribution, etc New York,
Name of publisher, distributor, etc Time-Life Books
Date of publication, distribution, etc [1968]
300 ## - PHYSICAL DESCRIPTION
Extent 192 p.
490 0# - SERIES STATEMENT
Series statement Time-Life library of art
504 ## - BIBLIOGRAPHY, ETC. NOTE
Bibliography, etc Bibliography: p. 186.
600 10 - SUBJECT ADDED ENTRY--PERSONAL NAME
Personal name Manet, Edouard,
Dates associated with a name 1832-1883.
9 (RLIN) 26565
710 2# - ADDED ENTRY--CORPORATE NAME
Corporate name or jurisdiction name as entry element Time-Life Books.
9 (RLIN) 26560
906 ## - LOCAL DATA ELEMENT F, LDF (RLIN)
a 7
b cbc
c orignew
d u
e ncip
f 19
g y-gencatlg
942 ## - ADDED ENTRY ELEMENTS (KOHA)
Source of classification or shelving scheme Library of Congress Classification
Koha item type Monograph ( Printed materials)

No items available.

 

Arrupe Library. PO Box MP320 Mt Pleasant, Harare, Zimbabwe
263 242 745411|librarian@aju.ac.zw